000 00580nam a2200229Ia 4500
003 OSt
005 20221005123747.0
006 a|||||r|||| 00| 0
007 ta
008 221004b |||||||| |||| 00| 0 eng d
024 _a58472
037 _cTextual
040 _aCRL
_cCRL
_beng
041 _2eng
_aeng
082 _aV2:25xM69w, G2
100 _aTagore Rabindranath
245 0 _aMahatmaji and the depressed humanity
260 _c1932
650 _aHISTORY
942 _hV2:25xM69w, G2
_cTEXL
_2cc
999 _c1048395
_d1048395